| 000 | 00775nam a2200229 a 4500 | ||
|---|---|---|---|
| 001 | BRCA_4539 | ||
| 005 | 20190320204717.0 | ||
| 008 | 220910s1959----sp-#######---#000-0#spa-# | ||
| 041 | _aspa | ||
| 044 | _asp | ||
| 050 | 4 |
_aPQ6353 _b.U53 1956 |
|
| 100 | 1 |
_aUnamuno, Miguel de _d1864-1936 _911498 |
|
| 245 | 1 | 0 |
_aVida de Don Quijote y Sancho _bsegún Miguel de Cervantes Saavedra _cexplicada y comentada por Miguel de Unamuno. |
| 250 | _a10 | ||
| 260 |
_aEspaña _bEspasa-Calpe _c1956 |
||
| 300 |
_a230 p. _c18 cm. |
||
| 440 | 0 |
_aColección Austral _v33 _911499 |
|
| 500 | _aIncluye índice de autores de la colección Austral | ||
| 600 | 1 | 4 |
_aCervantes Saavedra, Miguel de _d1547-1616. _tEl Ingenioso Hidalgo Don Quijote de la Mancha _911500 |
| 902 | _aCERV | ||
| 942 |
_2lcc _cB |
||
| 999 |
_c4245 _d4245 |
||